000 01120cab a2200325 4500
001 ABS49366
008 090401t1993 xxu||||| |||| 00| 0 eng d
035 _a(Sirsi) u71020
041 _aeng
100 _aLeighfield, K.
245 _aManagement of abandoned plans
260 _c1993
350 _a0
490 _aCS Monthly : Minerals bulletin
_v3(1) September 1993, 6(1)
520 _aFirst of a two part series looking at the management of abandoned coal mines outlines the statutory rules governing plans of former workings.
650 _aABANDONED MINE WORKINGS
650 _aCOAL (SURVEYORS AND PLANS) GENERAL REGULATIONS 1952
650 _aCOAL MINES (PLANS) RULES 1952
650 _aCOAL MINES ACT 1911
650 _aCOAL MINES INSPECTORATE ACT 1855
650 _aCOAL MINES REGULATION ACT 1872
650 _aCOAL MINING
650 _aINSPECTION OF COAL MINES IN GREAT BRITAIN ACT 1850
650 _aMINES AND QUARRIES (TIPS) REGULATIONS 1971
650 _aMINES AND QUARRIES ACT 1954
650 _aSUBSIDENCE
690 _aMINING AND MINERALS
942 _n0
948 _c04/03/1997
999 _c44747
_d44747